ბათუმის შოთა რუსთაველის სახელმწიფო უნივერსიტეტის ბიბლიოთეკა

Financial Accounting Solutions Manual / (ბიბ.ჩანაწერი № 58737)

000 -LEADER
fixed length control field 00751nam a22002057a 4500
005 - DATE AND TIME OF LATEST TRANSACTION
control field 20220711170431.0
008 - FIXED-LENGTH DATA ELEMENTS--GENERAL INFORMATION
fixed length control field 220711s2020eng xxu||||| |||| 00| 0 eng d
020 ## - INTERNATIONAL STANDARD BOOK NUMBER
International Standard Book Number 9781729463321
080 ## - UNIVERSAL DECIMAL CLASSIFICATION NUMBER
Universal Decimal Classification number 657.15 W-21
100 ## - MAIN ENTRY--PERSONAL NAME
Personal name Walther, M Larry
9 (RLIN) 14364
245 ## - TITLE STATEMENT
Title Financial Accounting Solutions Manual /
Statement of responsibility, etc. Larry M, Walther.
250 ## - EDITION STATEMENT
Edition statement 2020 Edition
264 ## - PRODUCTION, PUBLICATION, DISTRIBUTION, MANUFACTURE, AND COPYRIGHT NOTICE
Place of production, publication, distribution, manufacture USA:
Date of production, publication, distribution, manufacture, or copyright notice 2020.
300 ## - PHYSICAL DESCRIPTION
Extent 399.: pages,
Other physical details 27 cm.
440 ## - SERIES STATEMENT/ADDED ENTRY--TITLE
Title Principles of Accounting.com
9 (RLIN) 14365
653 ## - INDEX TERM--UNCONTROLLED
keyword Financial Accounting Solutions Manual
653 ## - INDEX TERM--UNCONTROLLED
keyword ფინანსური აღრიცხვის გადაწყვეტილებების სახელმძღვანელო
653 ## - INDEX TERM--UNCONTROLLED
keyword ბუღალტერია
942 ## - ADDED ENTRY ELEMENTS (KOHA)
Source of classification or shelving scheme
Koha item type წიგნი
ეგზემპლარები
Withdrawn status Lost status Source of classification or shelving scheme Damaged status Not for loan Permanent Location Current Location Shelving location Date acquired Cost, normal purchase price Full call number Barcode Date last seen Copy number Price effective from Koha item type Public note
          ბათუმის შოთა რუსთაველის სახელმწიფო უნივერსიტეტის მთავარი ბიბლიოთეკა ბათუმის შოთა რუსთაველის სახელმწიფო უნივერსიტეტის მთავარი ბიბლიოთეკა წიგნსაცავი 2022-07-11 272.00 657.15 W-21 62973 2022-07-11 62973 2022-07-11 წიგნი 272gel.